01493nam a22001457a 4500008004100000020002900041050001800070100004300088245006600131260003800197300003100235500002000266505104000286650002101326110829t xxu||||| |||| 00| 0 eng d a0123110653 9780123110657 aHB171.5 .G963 aGwartney, James D. qJames D. Gwartney aMicroeconomics : private and public choicecJames D. Gwartney aNew York bAcademic Pressc©1977 axvii, 389 p.bill. c24 cm aIncludes index. aContents: I. The Economic approach -- Some tools of the economist -- Market decisions and the market process -- A Bird's-eye view of the public sector -- II. Microeconomics: Demand and consumer choice -- Costs and producer decisions -- The Firm under pure competition -- Monopolistic competition, product differentiation, and low barriers to entry -- Oligopoly and the world of big business -- Business structure,competition, and public policy -- III. Factor markets and income distribution: The Supply and demand of productive resources -- Earnings and the job market -- Union power - a shield or a threat? -- Inequality,income mobility, and poverty -- Employment discrimination and the earnings of blacks and women --IV. Public choice: Problem areas of the market -- Public choice and gaining from government -- The Economics of government failure -- V. Capitalism and socialism: Comparative economic systems -- Appendix A: A Graphic look at economics -- Suggestions for additional reading -- Hints for answering discussion questions aMicroeconomics.